Nezvěstný z El Hierro /
Uloženo v:
| Série: | Zuzana Wilder,
část 5 |
|---|---|
| Hlavní autor: | |
| Médium: | Kniha |
| Jazyk: | Czech |
| Vydáno: |
Brno :
MOBA,
c2006
|
| Vydání: | Vyd. 1. |
| Edice: | Původní česká detektivka
|
| Témata: | |
| Celkem bylo vypůjčeno: | 36x |
| Příbuzné jednotky: | Z cyklu::
Zuzana Wilder |
| Tagy: |
Žádné tagy |
| LEADER | 00902nam a2200265 a 4500 | ||
|---|---|---|---|
| 001 | 64879 | ||
| 003 | CZ-UoMK | ||
| 005 | 20240330062316.0 | ||
| 008 | 061116s2006----xr ---------u-------cze-d | ||
| 015 | |a cnb001695938 | ||
| 999 | |c 64879 |d 64879 | ||
| 020 | |a 80-243-2467-9 : |c 199.00 Kč | ||
| 040 | |a UOG502 |9 1 |b cze | ||
| 100 | 1 | |a Hardenová, Helena |7 xx0025458 |4 aut |9 15387 | |
| 245 | 1 | 0 | |a Nezvěstný z El Hierro / |c Helena Hardenová |
| 250 | |a Vyd. 1. | ||
| 260 | |a Brno : |b MOBA, |c c2006 | ||
| 300 | |a 221 s. ; |c 19 cm | ||
| 490 | 1 | |a Původní česká detektivka | |
| 653 | |a česká literatura |a detektivky | ||
| 787 | 0 | 8 | |i Z cyklu: |t Zuzana Wilder |g 5 |
| 830 | 0 | |a Původní česká detektivka | |
| 910 | |a UOG502 | ||
| 942 | 0 | 0 | |0 33 |2 ddc |c KN |
| 993 | |0 0 |1 421180065228 |4 0 |7 0 |9 46574 |a 149.25 |b 0 |c 65228 |d 2006-11-28 |e 36 |f DOSP |h 199.00 |i Euromedia Group Praha |j 127 |l DOSP |r 2024-04-17 |s 2024-03-21 |t 6 |w 2017-09-19 |y KN |z KRIMI |v V | ||